000 00439pab a2200145 454500
008 180718b2005 xxu||||| |||| 00| 0 eng d
100 _aKaiser, Tania
245 _aParticipating in development? Refugee protection, politics and developmental approaches to refugee management in Uganda
260 _c2005
300 _ap.351-67.
650 _aRefugees - Uganda
650 _aRefugees
773 _aThird World Quarterly
909 _a65298
999 _c65298
_d65298